Zagrabiona historia Solidarności

Titel: Zagrabiona historia Solidarności : został tylko mit / Bruno Drwęski ; przekład i komentarz Jarosław Dobrzański
Verfasser:
Beteiligt:
Veröffentlicht: Warszawa : Fundacja Oratio Recta, 2020
Umfang: 349 Seiten : Illustrationen ; 24 cm
Format: Buch
Sprache: Polnisch
Einheitssachtitel: ˜Uneœ solidarité qui a coûté cher!
Schlagworte:
ISBN: 9788364407727 ; 8364407724
Buchumschlag
X
alg: 47078241
001A    $03004:21-10-20 
001B    $01999:17-11-20 $t11:34:58.000 
001D    $03004:02-11-20 
001U    $0utf8 
001X    $00 
002@    $0Aau 
002C    $aText $btxt $2rdacontent 
002D    $aohne Hilfsmittel zu benutzen $bn $2rdamedia 
002E    $aBand $bnc $2rdacarrier 
003@    $0470782412 
004A    $A978-83-64407-72-7 
004A    $083-64407-72-4 
006C    $01199635145 $aOCoLC 
007A    $0470782412 $aHEB 
007G    $0DE020E8279BD85B6CEAF2C12586220038A6A6 
009P    $qapplication/pdf $A2 $3Inhaltsverzeichnis $uhttp://scans.hebis.de/HEBCGI/show.pl?47078241_toc.pdf $mV:DE-603;B:DE-Mb50 
010@    $apol $cfre 
010E    $erda 
011@    $a2020 $n2020 
021A    $aZagrabiona historia Solidarności $dzostał tylko mit $hBruno Drwęski ; przekład i komentarz Jarosław Dobrzański 
022A    $aUne @solidarité qui a coûté cher! 
028A    $BVerfasser $4aut $8Drweski, Bruno [Tp3] $9458483265 
028C    $BÜbersetzer $4trl $8Dobrzański, Jarosław [Tnu] $9471347728 
033A    $pWarszawa $nFundacja Oratio Recta 
034D    $a349 Seiten 
034I    $a24 cm 
034M    $aIllustrationen 
044K    $#NSZZ "Solidarność" (Labor organization) $#Niezależny Samorządny Związek Zawodowy "Solidarność" $#"Solidarność" $#Solidarität Gewerkschaft $#Unabhängige Selbstverwaltete Gewerkschaft Solidarität $#USG Solidarität $71089046-4 $8NSZZ "Solidarność" [Tb1] $9042279771 
045F    $a909 $eDDC23BSB 
045F/01 $a909 
045F/03 $f09048 
045F/03 $g438 
045R    $aGeschichte 
046C    $aUne solidarité qui a coûté cher! $bÜbersetzung des Haupttitels 

lok: 47078241 24

exp: 47078241 24 1 #EPN
201B/01 $002-11-20 $t14:50:38.000 
201C/01 $021-10-20 
201U/01 $0utf8 
203@/01 $01126294179 
208@/01 $a02-11-20 $bz 
209A/01 $a20.04500 $du $f050 $h20 04500 $x00 
209C/01 $a20.04500 K $h20 04500 K 
209G/01 $a74295029 $x00 
220C/01 $aho-sz 
247C/01 $8358050-7 Marburg, Bibliothek des Herder-Instituts Marburg $9102600961 

lok: 47078241 78

exp: 47078241 78 1 #EPN
201B/01 $019-02-21 $t08:55:17.000 
201C/01 $019-02-21 
201U/01 $0utf8 
203@/01 $01142540669 
208@/01 $a19-02-21 $be 
209A/01 $a/ $f000 $x00 
209A/01 $ab*p $x01 
220C/01 $apgar 
244Z/01 $#Generalgouvernement Polen $#Polska $#Rzeczpospolita Polska $#Polska Rzeczpospolita Ludowa $#Poland $#Pologne $#République Polonaise $#Generalne Gubernatorstwo w Polsce $#Polish People's Republic $#Polska Rzeczpospolita Polen $#PRL $#RP $#Polen Generalgouvernement $#Polska Generalgouvernement $#Besetzte Polnische Gebiete $#Besetztes Gebiet in Polen $#Okupowane Polskie Obszary $#Obszary Okupowane w Polsce $#Volksrepublik Polen $#Polska Rosyjska $#Republic Polen $#Respublika Pol'ša $#Pol'skaja Narodnaja Respublika $#République de Pologne $#Polen Links der Weichsel $#Polska po Lewej Stronie Wisły $#Lenkija $#Polija $#Gubernija Carstva Pol'skago $#Republik Polen $74046496-9 $8--Tg1--Polen $x01 $9085129801 
247C/01 $82080>Marburg/Lahn, Herder-Institut, Forschungsbibliothek, Bibliographieportal $9336309341
LEADER 00000cam a2200000 c 4500
001 470782412
003 DE-603
005 20201117113458.0
007 tu
008 201021s2020 xx |||| | u00||u|pol c
020 |a 9788364407727 
020 |a 8364407724 
035 |a (DE-599)HEB470782412 
040 |a DE-603  |b ger  |c DE-603  |d DE-603  |e rda 
041 |a pol  |h fre 
082 0 4 |8 1\u  |a 909  |q DE-101  |2 23/BSB 
085 |8 1\u  |b 909 
085 |8 1\u  |z 1  |s 09048 
085 |8 1\u  |z 2  |s 438 
100 1 |a Drweski, Bruno  |e Verfasser  |4 aut  |0 (DE-603)458483265  |0 (DE-588)120403141X  |2 gnd 
240 1 0 |a ˜Uneœ solidarité qui a coûté cher! 
245 0 0 |a Zagrabiona historia Solidarności  |b został tylko mit  |c Bruno Drwęski ; przekład i komentarz Jarosław Dobrzański 
246 1 |i Übersetzung des Haupttitels  |a Une solidarité qui a coûté cher! 
264 1 |a Warszawa  |b Fundacja Oratio Recta  |c 2020 
300 |a 349 Seiten  |b Illustrationen  |c 24 cm 
336 |a Text  |b txt  |2 rdacontent 
337 |a ohne Hilfsmittel zu benutzen  |b n  |2 rdamedia 
338 |a Band  |b nc  |2 rdacarrier 
610 1 7 |a NSZZ "Solidarność"  |2 gnd  |0 (DE-588)1089046-4  |0 (DE-603)042279771 
648 7 |a Geschichte  |2 gnd 
700 1 |a Dobrzański, Jarosław  |e Übersetzer  |4 trl  |0 (DE-603)471347728 
856 4 2 |m V:DE-603;B:DE-Mb50  |q application/pdf  |u http://scans.hebis.de/HEBCGI/show.pl?47078241_toc.pdf  |3 Inhaltsverzeichnis 
924 0 |9 Mb 50  |a (DE-603)1126294179  |b DE-Mb50  |c HES  |d c  |g 20.04500 
924 0 |9 2080  |a (DE-603)1142540669  |b DE-2080  |c HES  |d d  |g /